| 000 | 00606pab a2200193 454500 | ||
|---|---|---|---|
| 008 | 180718b2010 xxu||||| |||| 00| 0 eng d | ||
| 100 | _aSpielman, David J. | ||
| 245 | _aAgricultural research, public-private partnerships, and risk management; evidence from the international agricultural research system | ||
| 260 | _c2010 | ||
| 300 | _ap.21-50. | ||
| 362 | _aMar | ||
| 650 | _aPublic private partnerships | ||
| 650 | _aAgricultural research | ||
| 700 | _aGrebmer, Klaus von | ||
| 700 | _aHartwich, Frank | ||
| 773 | _aAsian Biotechnology and Development Review | ||
| 908 | _aN | ||
| 909 | _a87686 | ||
| 999 |
_c87686 _d87686 |
||